Las Siete partidas del sabio rey don Alonso el nono, nuevamente glosadas por el licenciado Gregorio López del Consejo Real de Indias de su Majestad.

Na minha lista:
Detalhes bibliográficos
Autor principal: Alfonso X, Rey de Castilla (autor)
Outros Autores: López, Gregorio (autor)
Formato: Livro
Idioma:inglês
Publicado em: Madrid, España: Boletín Oficial del Estado, 1985.
Assuntos:
Tags: Adicionar Tag
Sem tags, seja o primeiro a adicionar uma tag!

MARC

LEADER 00000nam a22000007a 4500
003 CL-VaPUC
005 20220822114807.0
008 220803t1985 ||||| |||| 00| 0 eng d
999 |c 437913  |d 437911 
020 |a 84-340-0223-X (Obra completa) 
020 |a 84-340-0224-8 (t.I) 
020 |a 84-340-0225-6 (t.II) 
020 |a 84-340-0226-4 (t.III) 
040 |c Pontificia Universidad Católica de Valparaíso 
082 |2 22  |a 340.55 ALO 1985 
100 |9 874704  |a Alfonso X, Rey de Castilla  |e autor 
245 |a Las Siete partidas del sabio rey don Alonso el nono, nuevamente glosadas por el licenciado Gregorio López del Consejo Real de Indias de su Majestad. 
250 |b Edición facsimilar, 1555. 
260 |a Madrid, España:   |b Boletín Oficial del Estado,   |c 1985. 
300 |a 3 Tomos. 
500 |a c.1 Donación Familia Prof. Alejandro Guzmán Brito. 
505 |a t.I: Partidas: I-II. t.II: Partidas: III-IV. t.III: Partidas: V-VI-VII. 
533 |a Reproducción de la edición de: Las siete partidas del sabio Rey Don Alonfo el nono, nueuamente Glofadas por el Licenciado Gregorio López del Consfejo Real de Indias de fu Mageftad. Salamanca, España : Impreffor de fu Mageftad ; Andrea de Portonaris, 1555.  
583 |c 20220803  |k Yessy Sthefany Diaz Vidal 
650 0 |9 314261  |a Derecho medieval  |z Europa  
650 0 |a Derecho   |z España   |9 872573  |y Edad Media  
700 |9 874705  |a López, Gregorio   |e autor  
942 |2 ddc  |c BK  |n 0 
952 |0 0  |1 0  |2 ddc  |4 0  |6 340_550000000000000_ALO_1985  |7 0  |8 C_AGB  |9 585768  |a BIBDER  |b BIBDER  |d 2022-08-03  |e Donación   |h t.I  |i 5652182  |l 1  |o 340.55 ALO 1985  |p 5652182  |r 2024-11-14  |s 2024-11-14  |t 1  |w 2022-08-03  |y BK_US  |k AGB 
952 |0 0  |1 0  |2 ddc  |4 0  |6 340_550000000000000_ALO_1985  |7 0  |8 C_AGB  |9 585769  |a BIBDER  |b BIBDER  |d 2022-08-03  |e Donación   |h t.II  |i 5652183  |l 1  |o 340.55 ALO 1985  |p 5652183  |r 2024-11-14  |s 2024-11-14  |t 1  |w 2022-08-03  |y BK_US  |k AGB 
952 |0 0  |1 0  |2 ddc  |4 0  |6 340_550000000000000_ALO_1985  |7 0  |8 C_AGB  |9 585770  |a BIBDER  |b BIBDER  |d 2022-08-03  |e Donación   |h t.III  |i 5652184  |l 1  |o 340.55 ALO 1985  |p 5652184  |r 2024-11-14  |s 2024-11-14  |t 1  |w 2022-08-03  |y BK_US  |k AGB